000 00715nam a2200217Ii 4500
003 JO-AjNU
008 230605s9999||||xx |||||||||||||| ||und||
017 _a1989/9/617
040 _aJO-AjNU
_bara
_erda
_cJO-AjNU
041 _aara
050 1 4 _aRJ131.H3946 1996
100 3 _aحواشين ، زيدان نجيب /م مشارك مفيد نجيب حواشين ,
_eauthor
_910730
245 0 0 _aالنمو البدني عند الطفل
250 _aط2
264 3 1 _aعمان :دار الفكر للنشر ،1996
300 _a124ص
336 _atext
_btxt
_2rdacontent
337 _aunmediated
_bn
_2rdamedia
338 _avolume
_bnc
_2rdacarrier
650 4 _aالنمو البدني -الاطفال
_910731
999 _aA1956
_c5524
_d5524